El trabajo con comunidades: notas para el aprendizaje =
Se reúne una serie de notas para el trabajo con comunidades, con el fin de crear un marco de referencia inicial para la investigación, docencia y la acción social. Se presentan reflexiones entorno a la ética, las formas de trabajar en las comunidades y el trabajo de facilitación social que procura e...
Guardado en:
| Autor principal: | |
|---|---|
| Formato: | Texto |
| Materias: | |
| Etiquetas: |
Agregar Etiqueta
Sin Etiquetas, Sea el primero en etiquetar este registro!
|
MARC
| LEADER | 00000 a a2200000 04500 | ||
|---|---|---|---|
| 001 | 43398 | ||
| 003 | |||
| 040 | |||
| 100 | |a Paniagua Arguedas, Laura | ||
| 245 | |a El trabajo con comunidades: |b notas para el aprendizaje = |b Working in communities : learning suggestions / |c Laura Paniagua Arguedas | ||
| 500 | |a lauparg@gmail.com | ||
| 520 | |a Se reúne una serie de notas para el trabajo con comunidades, con el fin de crear un marco de referencia inicial para la investigación, docencia y la acción social. Se presentan reflexiones entorno a la ética, las formas de trabajar en las comunidades y el trabajo de facilitación social que procura el aprendizaje y seguir realizando preguntas sobre cómo es la inserción y así como el facilitar procesos. Finalmente, se realiza una invitación hacia la reflexión del papel de las ciencias sociales y del "aprender a aprender" en el trabajo con personas. | ||
| 590 | |a KSR/JULIO2012 | ||
| 650 | |a COMUNIDADES | ||
| 650 | |a EDUCACION POPOLAR | ||
| 650 | |a INVESTIGACION | ||
| 650 | |a ETICA | ||
| 773 | |g volumen91, número1 (2012), páginas 39-52 | ||
| 999 | |c 21875 |d 21875 | ||
